| 000 | 00354nam a2200133Ia 4500 | ||
|---|---|---|---|
| 008 | 150201s2008 xx 000 0 und d | ||
| 082 |
_a610.734 _bM08O |
||
| 100 | _aORSHAN, SUSAN A. | ||
| 245 | _aMETERNITY NEWBORN & WOMEN'S HEALTH NURSING | ||
| 260 |
_bLIPPINCOTT _aPHILADELPHIA _c2008 |
||
| 300 | _a1126 | ||
| 650 | _aCOMMUNITy NURSING | ||
| 942 |
_2ddc _cBK |
||
| 999 |
_c2323 _d2323 |
||